Inazuma eleven hissatsu - Statystyki

Ogólne statystyki
  • Ten quiz został rozwiązany 132 razy
  • Średni wynik to 11 z 45
Statystyki odpowiedzi
Wykonawca Hissatsu % Poprawnych
Byron Love Boska wiedza
88%
Mark Evans Boska ręka
80%
Byron Love Rajski czas
72%
Mark Evans Ręka majina
61%
Shawn Froste Wieczna zamieć
54%
Mark Evans Pięść sprawiedliwości
53%
Mark Evans Ognista pięść
49%
Jude Sharp Iluzja piłki
44%
Hector Helio Boska ręka X
42%
Shawn Froste Legendarny wilk
40%
Axel Austin Xavier Wielki ogień
39%
Axel i Shawn Ogniołamacz
38%
Archer Howkins Próżniowy atak
35%
Mark Evans Boski chwyt
31%
Jude Shawn Xavier Wielki wybuch
28%
Shawn Froste Mroźny ląd
27%
Mark Evans Ręka ijigen
25%
Xavier Foster i Shawn Froste Poranek
22%
Shawn Froste Śnieżny anioł
22%
Jean-Pierre Lapin Trampolina
22%
Byron Love Wszechpotężny taran
22%
Victor Blade Cięcie zagłady
21%
Arion Sherwind Szybki powiew
19%
Ricardo Di Rigo Wirtuoz
18%
Victor Blade Dwukołowe ostrze
17%
Arion Sherwind Atak serca
16%
Xavier Foster Kosmiczny smash
16%
Byron Love Chaotyczny taran
13%
Shawn Froste i Thor Stoutberg Gromowa bestia
12%
Victor Blade Energia zagłady
11%
Arion Sherwind Tunel tornado
11%
Ricardo Di Rigo Uwertura
11%
Arion Sherwind Hiper wślizg
8%
Arion Sherwind Burzliwy huragan
7%
Victor Ricardo Arion Ewolucja
7%
Victor Blade Ponadnaturalny cios
7%
Mark Evans Ręka omega
7%
Victor Arion Ricardo Ziemia nieskończoności
7%
Xavier Foster Cięcie meteoru
6%
Ricardo Di Rigo Harmonia olimpu
6%
Victor Ricardo Piekielny deszcz
6%
Mark Evans Boska ręka W
4%
Victor Blade Czarny świt
4%
Victor Arion Podwójne ogniste tornado DD
3%
Arion Sherwind Spiralny napęd
1%
Nie znaleziono quizów pasujących do podanych kryteriów
Rozkład punktacji
Procent ludzi z każdym wynikiem
Percentyl według liczby udzielonych odpowiedzi
Twoja historia wyników
Nie rozwiązałeś tego quizu